00413nam a2200133Ia 4500082001800000100002300018245005700041260004400098300001000142504001900152650003600171650003300207650003900240 a327.515 SHA-; aSharma, Swarn Lata 0aTibet: self- determination in politics among nations aNew DelhibCriterion Publicationsc1988 a229p. aIncludes index aTibet - Politics and government aPolitical psychology - Tibet aSelf-Determination, Nation - Tibet